| 000 | 00754nam a2200241Ia 4500 | ||
|---|---|---|---|
| 003 | OSt | ||
| 005 | 20220926005235.0 | ||
| 006 | a|||||r|||| 00| 0 | ||
| 007 | ta | ||
| 008 | 220923b |||||||| |||| 00| 0 eng d | ||
| 020 | _a8170363977 | ||
| 037 | _cGeneral Book | ||
| 040 |
_aRTL _cRTL _beng |
||
| 041 |
_2eng _aeng |
||
| 082 | _aY73(P31):47.4498.N8, N4 | ||
| 100 | _aBose Sumantra | ||
| 245 | 0 |
_aStates , nations , soveriegnty _b Sri Lanka , India and the Tamil Eelam Movement |
|
| 260 |
_a New Delhi _bSage Publications India _c1994 |
||
| 300 |
_a236p _ccm. |
||
| 500 | _aBibliography: P 213-25; Appendix: P 203-11 | ||
| 942 |
_hY73(P31):47.4498.N8, N4 _cGB _2CC |
||
| 999 |
_c613242 _d613242 |
||